| 000 | 01227nam a2200277Ia 4500 | ||
|---|---|---|---|
| 003 | OSt | ||
| 005 | 20220923211554.0 | ||
| 006 | a|||||r|||| 00| 0 | ||
| 007 | ta | ||
| 008 | 220922b |||||||| |||| 00| 0 san d | ||
| 020 |
_a9789385539411 (hbk) _c450 |
||
| 024 | _a349,344 | ||
| 037 |
_b367, 28/01/2019, Vidyanidhi Prakashan _cTextual |
||
| 040 |
_aARTS _cARTS _bsan |
||
| 041 |
_2san _asan |
||
| 082 | _aO152,1(Delta25):g, Q8 | ||
| 100 | _aशर्मा, इन्दु, ले. | ||
| 245 | 0 | _aआदिकाव्य में वर्णित ऋषियों, आश्रमों का भौगोलिक एवं ऐतिहासिक पर्यालोचन | |
| 246 | _aĀdikāvya mean varṇit ṛuṣhiyoan, āshramoan kā bhaugolik evan aitihāsik paryālochana | ||
| 260 |
_aदिल्ली _b विद्यानिधि प्रकाशन _c2018 |
||
| 300 |
_a176पृ0 _ccm. |
||
| 650 |
_a हिन्दी साहित्य _9156264 |
||
| 650 | _aहिन्दी कविता | ||
| 942 |
_hO152,1(Delta25):g, Q8 _cTEXL _2CC |
||
| 999 |
_c300888 _d300888 |
||